header

Metadata and semantics for digital libraries and information centres (Record no. 240171)

MARC details
000 -LEADER
fixed length control field 01088nam a2200277Ia 4500
245 00 - TITLE STATEMENT
Title Metadata and semantics for digital libraries and information centres
260 ## - PUBLICATION, DISTRIBUTION, ETC. (IMPRINT)
Place of publication Bradford :
Name of publisher Emerald Group Press,
Year of publication c2007.
300 ## - PHYSICAL DESCRIPTION
Number of Pages 137 p.
490 0# - SERIES STATEMENT
Series statement The Electronic Library ;
650 #0 - SUBJECT ADDED ENTRY--TOPICAL TERM
Topical Term Metadata.
Topical Term Management information systems.
700 1# - ADDED ENTRY--PERSONAL NAME
Personal name Raitt, David.
856 40 - ELECTRONIC LOCATION AND ACCESS
Uniform Resource Identifier http://site.ebrary.com/lib/rucke/Doc?id=10185515

No items available.

© 2026 Rongo University
Contact us: librarian | system librarian | Rongo university